000
00321nam a22001457a 4500
020
_a
9788176221160
041
_a
ENG
100
_a
Morris. T,N
245
_a
Principles Of Fruit Preservation
250
_a
3rd Ed
260
_a
Delhi
_b
Biotech Books
_c
2004
300
_a
206
650
_a
APE
856
_u
APE ( 02 )
999
_c
1631
_d
1631